[Event "?"]
[Site "?"]
[Date "2011.08.13"]
[Round "3.16"]
[White "Vaerst, Joachim"]
[Black "Margenberg, Volker"]
[Result "1-0"]
[WhiteElo "1954"]
[BlackElo "1713"]
[PlyCount "57"]
[EventDate "2011.??.??"]
[WhiteTeam "SV Erftstadt e.V."]
[BlackTeam "SV Wiehl 1923 e.V."]

1. e4 e6 2. d4 d5 3. Bd3 Nf6 4. Bg5 Be7 5. exd5 exd5 6. Nc3 Nc6 7. Nge2 O-O 8.
Qd2 Nb4 9. O-O-O Nxd3+ 10. Qxd3 c6 11. Ng3 h6 12. Bd2 a5 13. Rde1 b5 14. f3 Qd7
15. Nd1 b4 16. Ne3 Re8 17. Nef5 Bf8 18. Re5 Ba6 19. Qe3 Kh7 20. Qf4 Ng8 21.
Rhe1 Rxe5 22. dxe5 g6 23. Ne3 d4 24. Ng4 Re8 25. Ne4 Bg7 26. Nef6+ Nxf6 27.
Nxf6+ Bxf6 28. Qxh6+ Kg8 29. exf6 1-0

[Event "?"]
[Site "?"]
[Date "2011.08.13"]
[Round "3.17"]
[White "Gottas, Mike"]
[Black "Milde, Mathias"]
[Result "1-0"]
[WhiteElo "1949"]
[BlackElo "1711"]
[PlyCount "53"]
[EventDate "2011.??.??"]
[WhiteTeam "SV Wiehl 1923 e.V."]
[BlackTeam "SV Wiehl 1923 e.V."]

1. d4 Nf6 2. Nf3 e6 3. Bg5 Be7 4. Nbd2 b6 5. e3 Bb7 6. Bd3 d5 7. Ne5 Nbd7 8.
Bb5 O-O 9. Nc6 Qe8 10. Nxe7+ Qxe7 11. Bxd7 Qxd7 12. Bxf6 gxf6 13. Qf3 Qe7 14.
h4 Kh8 15. O-O-O c5 16. g4 b5 17. g5 f5 18. Qf4 c4 19. Rdg1 Rac8 20. Nf3 c3 21.
h5 cxb2+ 22. Kb1 f6 23. gxf6 Qxf6 24. Ne5 Rcd8 25. Ng6+ Kg8 26. Nxf8+ Kxf8 27.
Qc7 1-0

[Event "?"]
[Site "?"]
[Date "2011.08.13"]
[Round "3.21"]
[White "Esser, Thomas"]
[Black "Torres, Roberto"]
[Result "1-0"]
[WhiteElo "1910"]
[BlackElo "1635"]
[PlyCount "39"]
[EventDate "2011.??.??"]
[WhiteTeam "SV Horrem 1948"]
[BlackTeam "Satranc Club 2000"]

1. e4 e6 2. d4 d5 3. Nc3 dxe4 4. Nxe4 Nd7 5. Nf3 Ngf6 6. Bg5 Be7 7. Nxf6+ Bxf6
8. h4 c5 9. dxc5 Qa5+ 10. c3 Qxc5 11. Bd3 Ne5 12. Bxf6 Nxd3+ 13. Qxd3 gxf6 14.
O-O-O Qc7 15. Nd2 Bd7 16. Ne4 Ke7 17. Qf3 f5 18. Nd6 Bc6 19. Qe3 Qa5 20. Qg5+
1-0

[Event "?"]
[Site "?"]
[Date "2011.08.13"]
[Round "3.24"]
[White "Raabe, Stefan"]
[Black "Schröter, Heinz-Jürgen"]
[Result "1-0"]
[WhiteElo "1712"]
[BlackElo "1156"]
[PlyCount "53"]
[EventDate "2011.??.??"]
[WhiteTeam "SGrupp Rochade Disteln 199"]
[BlackTeam "SV Horrem 1948"]

1. e4 e5 2. d3 Bc5 3. c4 Nf6 4. f4 Nc6 5. h3 Bd4 6. Nf3 d6 7. Nc3 O-O 8. f5 Nh5
9. Bg5 f6 10. Bh4 g5 11. Nxd4 Nxd4 12. Bf2 c6 13. Bxd4 exd4 14. Qxh5 dxc3 15.
bxc3 Qa5 16. Kd2 Qe5 17. Qf3 b5 18. d4 Qe7 19. cxb5 cxb5 20. Bxb5 Bb7 21. Bc4+
Kh8 22. Be6 Qg7 23. g4 h5 24. h4 gxh4 25. Qe3 h3 26. Rxh3 Qxg4 27. Qh6# 1-0

[Event "?"]
[Site "?"]
[Date "2011.08.13"]
[Round "3.25"]
[White "Mischke, Daniel"]
[Black "Weißhuhn, Gunnar"]
[Result "0-1"]
[WhiteElo "1471"]
[BlackElo "1886"]
[PlyCount "44"]
[EventDate "2011.??.??"]
[WhiteTeam "Sportgemeinschaft Kaarst 1912/35"]
[BlackTeam "SK Turm Euskirchen 65"]

1. d4 f5 2. g3 Nf6 3. Bg2 g6 4. Nh3 Bg7 5. c4 e6 6. Nc3 O-O 7. O-O d6 8. e3 a6
9. Qc2 c6 10. Nf4 Qe8 11. a4 Nbd7 12. Nd3 e5 13. d5 e4 14. Nf4 Ne5 15. b3 g5
16. Nfe2 c5 17. Bb2 Nf3+ 18. Kh1 Ng4 19. h3 Qh5 20. Rab1 Be5 21. Nxe4 fxe4 22.
Bxe5 Ngxe5 0-1

[Event "?"]
[Site "?"]
[Date "2011.08.13"]
[Round "3.27"]
[White "Jordans, Ralph"]
[Black "Runte, Dirk"]
[Result "1-0"]
[WhiteElo "1848"]
[BlackElo "1593"]
[PlyCount "49"]
[EventDate "2011.??.??"]
[WhiteTeam "Ford-SF Köln e.V."]
[BlackTeam "SV Fideler Bauer Lever"]

1. c4 Nf6 2. Nc3 g6 3. d4 Bg7 4. e4 d6 5. f4 O-O 6. Be2 c5 7. d5 e6 8. e5 Ne8
9. Nf3 exd5 10. Qxd5 Nc6 11. a3 Be6 12. Qe4 dxe5 13. fxe5 Bf5 14. Qe3 Nd4 15.
Bd1 Bc2 16. O-O Qe7 17. Nd5 Qe6 18. Nxd4 cxd4 19. Qxd4 Bxe5 20. Qf2 Bxd1 21.
Rxd1 Nf6 22. Qf3 Rad8 23. Bg5 Rd6 24. Nxf6+ Bxf6 25. Rxd6 1-0

[Event "?"]
[Site "?"]
[Date "2011.08.13"]
[Round "3.28"]
[White "Maczkowiak, Thomas"]
[Black "Meinberger, Manfred"]
[Result "1-0"]
[WhiteElo "1834"]
[BlackElo "1577"]
[PlyCount "45"]
[EventDate "2011.??.??"]
[WhiteTeam "SG Ennepe-Ruhr-S"]
[BlackTeam "SGrupp Rochade Disteln 199"]

1. Nf3 Nf6 2. g3 d5 3. Bg2 Bf5 4. O-O e6 5. c4 c6 6. d4 dxc4 7. a4 Bd6 8. Nfd2
O-O 9. e4 Bxe4 10. Nxe4 Nd5 11. b3 cxb3 12. Qxb3 Nb4 13. a5 N8a6 14. Nxd6 Qxd6
15. Be3 Rfd8 16. Nc3 Qe7 17. Rfd1 Nd5 18. Nxd5 exd5 19. Rab1 Rd7 20. Bh3 Rdd8
21. Qxb7 Qxb7 22. Rxb7 Nb8 23. Bf4 1-0

[Event "?"]
[Site "?"]
[Date "2011.08.13"]
[Round "3.29"]
[White "Dijkhuis, Tycho"]
[Black "Klein, Andreas Peter"]
[Result "1-0"]
[WhiteElo "1831"]
[BlackElo "1310"]
[PlyCount "109"]
[EventDate "2011.??.??"]
[WhiteTeam "Moira Domtoren"]
[BlackTeam "SV 1925 Hürth-Berrenra"]

1. e4 e5 2. Nf3 d6 3. d4 exd4 4. Nxd4 Nf6 5. Nc3 Be7 6. f3 b6 7. Be3 c5 8. Bb5+
Bd7 9. Nf5 O-O 10. Nxd6 Bxb5 11. Ndxb5 a6 12. Qxd8 Rxd8 13. Nc7 Ra7 14. N7d5
Nxd5 15. Nxd5 Nc6 16. O-O-O Rb7 17. Nxe7+ Rxe7 18. Rxd8+ Nxd8 19. Rd1 Nb7 20.
a3 h6 21. Rd5 f6 22. b4 cxb4 23. axb4 b5 24. Kb2 Kf7 25. Kb3 Re5 26. c4 Ke6 27.
Bf4 Rxd5 28. exd5+ Kf5 29. Bc7 bxc4+ 30. Kxc4 g5 31. b5 a5 32. g4+ Kg6 33. d6
Kf7 34. d7 Ke7 35. d8=Q+ Nxd8 36. Bxd8+ Kxd8 37. b6 Kc8 38. Kb5 Kb7 39. Kxa5
Kc8 40. Ka6 Kb8 41. b7 Kc7 42. Ka7 Kc6 43. b8=Q Kd5 44. Qe8 h5 45. gxh5 g4 46.
fxg4 f5 47. h6 fxg4 48. h7 g3 49. h8=R g2 50. Qb5+ Ke4 51. Rh4+ Ke3 52. Qb3+
Kf2 53. Qc2+ Kg1 54. Qd1+ Kf2 55. Rf4+ 1-0

[Event "?"]
[Site "?"]
[Date "2011.08.13"]
[Round "3.33"]
[White "Fieberg, Christoph"]
[Black "Klein, Markus"]
[Result "1-0"]
[WhiteElo "1776"]
[BlackElo "1303"]
[PlyCount "51"]
[EventDate "2011.??.??"]
[WhiteTeam "SG Porz e.V."]
[BlackTeam "SK Sülz-Klettenberg"]

1. e4 e5 2. Bc4 Nf6 3. d3 Be7 4. f4 d6 5. Nf3 Bg4 6. O-O O-O 7. h3 Bxf3 8. Qxf3
Nc6 9. c3 Na5 10. Bb5 a6 11. Ba4 b5 12. Bc2 exf4 13. Bxf4 Nc6 14. d4 Qd7 15.
Nd2 Nd8 16. e5 dxe5 17. Bxe5 Ne6 18. Ne4 Nxe4 19. Bxe4 Ng5 20. Qg3 f6 21. Bxa8
Rxa8 22. Bf4 Ne6 23. Rae1 Rc8 24. Qg4 Kf7 25. Rf3 Re8 26. Qh5+ 1-0

[Event "?"]
[Site "?"]
[Date "2011.08.14"]
[Round "4.1"]
[White "Heinert, Eugen"]
[Black "Freundlieb, Thomas"]
[Result "1-0"]
[WhiteElo "2107"]
[BlackElo "2016"]
[PlyCount "99"]
[EventDate "2011.??.??"]
[WhiteTeam "OSC Rheinhausen 04 e.V."]
[BlackTeam "SV Bergneustadt/Dersch"]

1. d4 g6 2. Nf3 Bg7 3. c3 d6 4. Bf4 Nd7 5. e3 e5 6. dxe5 dxe5 7. Bg5 Ngf6 8.
Bc4 Qe7 9. Nbd2 h6 10. Bh4 a6 11. a4 e4 12. Nd4 c5 13. N4b3 Ne5 14. Qc2 Nxc4
15. Nxc4 Bf5 16. Bg3 Rd8 17. Rd1 O-O 18. Bd6 Qe6 19. Nxc5 Qc8 20. Bxf8 Rxd1+
21. Qxd1 Bxf8 22. b4 Bxc5 23. bxc5 Qxc5 24. Qd4 Qc6 25. Nd6 Nd5 26. Nxf5 gxf5
27. Kd2 Nb6 28. Ra1 Nc4+ 29. Ke2 Kh7 30. f3 Qg6 31. Qxc4 Qxg2+ 32. Ke1 Qg1+ 33.
Qf1 Qxe3+ 34. Kd1 Qxc3 35. Rc1 Qb3+ 36. Kd2 e3+ 37. Ke2 Qxa4 38. Kxe3 Qa3+ 39.
Kf2 Qb2+ 40. Kg1 b5 41. Qd1 a5 42. Rc5 a4 43. Qd5 Qb1+ 44. Kf2 Kg6 45. Rc6+ Kg5
46. f4+ Kxf4 47. Qf3+ Ke5 48. Qe3+ Kd5 49. Rc5+ Kd6 50. Qe5+ 1-0

[Event "?"]
[Site "?"]
[Date "2011.08.14"]
[Round "4.2"]
[White "Bigott, Martin"]
[Black "Bub, Volker"]
[Result "1-0"]
[WhiteElo "1802"]
[BlackElo "2100"]
[PlyCount "79"]
[EventDate "2011.??.??"]
[WhiteTeam "SF Lohmar 1974 e.V."]
[BlackTeam "SC Tornado 86 Hochneukirch"]

1. d4 g6 2. e4 Bg7 3. Nf3 d6 4. Be2 Nd7 5. Be3 a6 6. c4 Ngf6 7. Nc3 Ng4 8. Bg5
h6 9. Bh4 c5 10. d5 Qa5 11. Qc2 Nb6 12. O-O Bd7 13. Rac1 Na4 14. Nxa4 Bxa4 15.
b3 Bd7 16. h3 Nf6 17. Bg3 O-O 18. Bd3 b5 19. e5 bxc4 20. bxc4 Ba4 21. Qd2 Qxd2
22. Nxd2 Ne8 23. f4 f5 24. Rb1 Nc7 25. Rb7 Rfc8 26. Rfb1 Bf8 27. Bh4 a5 28. g4
Na6 29. a3 dxe5 30. fxe5 fxg4 31. Bxe7 Bg7 32. Bd6 Kh7 33. hxg4 Rd8 34. Be7 Rd7
35. e6 Rxb7 36. Rxb7 Kh8 37. Bxg6 Bd4+ 38. Kg2 Rg8 39. Bf6+ Bxf6 40. Rh7# 1-0

[Event "?"]
[Site "?"]
[Date "2011.08.14"]
[Round "4.3"]
[White "Schmidt, Johannes"]
[Black "Mass, Elvira"]
[Result "1/2-1/2"]
[WhiteElo "2100"]
[BlackElo "1884"]
[PlyCount "67"]
[EventDate "2011.??.??"]
[WhiteTeam "SC Turm Illingen"]
[BlackTeam "Godesberger SK 1929 e.V."]

1. c4 e6 2. Nf3 d5 3. b3 Nf6 4. Bb2 Be7 5. g3 O-O 6. Bg2 c5 7. O-O Nc6 8. e3 b6
9. Nc3 Bb7 10. Qe2 Rc8 11. d3 Qc7 12. Ne1 dxc4 13. bxc4 Rfd8 14. f4 Qb8 15. g4
Nb4 16. Bh3 e5 17. a3 Na6 18. fxe5 Qxe5 19. Nd5 Qd6 20. Nxf6+ Bxf6 21. Bxf6
gxf6 22. g5 fxg5 23. Bxc8 Bxc8 24. Qh5 Qg6 25. Qxg6+ hxg6 26. Kf2 Nb8 27. Ke2
Nc6 28. Nf3 g4 29. Ne1 Ne5 30. a4 Nc6 31. Kd2 Bf5 32. Kc3 Kg7 33. Rd1 Rh8 34.
Rf2 1/2-1/2

[Event "?"]
[Site "?"]
[Date "2011.08.14"]
[Round "4.6"]
[White "Ziabari, Morteza"]
[Black "Lopatin, Olga"]
[Result "0-1"]
[WhiteElo "1808"]
[BlackElo "2016"]
[PlyCount "82"]
[EventDate "2011.??.??"]
[WhiteTeam "SF Köln-Müngersdorf 1935"]
[BlackTeam "Schachges. Augsburg 1873"]

1. e4 c5 2. Nc3 a6 3. f4 d6 4. Bc4 b5 5. Bd5 (5. Bxf7+ Kxf7 6. Qh5+ g6 7. Qd5+
e6 8. Qxa8 Qc7 9. Nf3) 5... Ra7 6. a4 e6 7. Ba2 b4 8. Nce2 Nf6 9. Ng3 d5 10. e5
Nfd7 11. Nf3 Nc6 12. O-O Be7 13. c3 h5 14. h3 h4 15. Nh1 Qa5 16. Nf2 Nf8 17. f5
c4 18. f6 gxf6 19. d4 f5 20. b3 cxb3 21. cxb4 Qxa4 22. Bd2 Bd7 23. Bxb3 Qb5 24.
Ba4 Qb6 25. Bxc6 Bxc6 26. Rb1 Bb5 27. Re1 Ng6 28. Rc1 Kd7 29. Bc3 Rg8 30. Qd2
Rc7 31. Kh2 Qb8 32. Rg1 f6 33. Nd3 Bxd3 34. Qxd3 Rc4 35. Ra1 fxe5 36. Nxe5+
Nxe5 37. dxe5 Rg3 38. Qe2 Rcxc3 39. Rxa6 Rge3 40. Qd2 Qxe5+ 41. Kh1 Rxh3+ 0-1

[Event "?"]
[Site "?"]
[Date "2011.08.14"]
[Round "4.8"]
[White "Lambertz, Michael"]
[Black "Armbrust, Matthias"]
[Result "1-0"]
[WhiteElo "1971"]
[BlackElo "1768"]
[PlyCount "67"]
[EventDate "2011.??.??"]
[WhiteTeam "SF Esch e.V."]
[BlackTeam "SC Lerchenberg/ZMO"]

1. e4 c5 2. c3 d5 3. exd5 Qxd5 4. d4 Nf6 5. Nf3 Bg4 6. Be2 e6 7. O-O Nc6 8. h3
Bh5 9. Be3 cxd4 10. cxd4 Be7 11. Nc3 Qa5 12. a3 O-O 13. b4 Qd8 14. Qb3 Rc8 15.
Rfd1 Bg6 16. d5 exd5 17. Nxd5 Nxd5 18. Rxd5 Qe8 19. Rad1 Rd8 20. Bb5 Be4 21.
Rxd8 Bxd8 22. Bxa7 Bxf3 23. Qxf3 Qe6 24. Bc5 Re8 25. Qd5 Qxd5 26. Rxd5 Bc7 27.
g3 Re1+ 28. Kg2 h6 29. Rd7 Be5 30. Bxc6 bxc6 31. Re7 f6 32. f4 Bc3 33. Rxe1
Bxe1 34. a4 1-0

[Event "?"]
[Site "?"]
[Date "2011.08.14"]
[Round "4.12"]
[White "Sharifi Shamili, Ashkan"]
[Black "Andrijenko, Anatoliy"]
[Result "1-0"]
[WhiteElo "1913"]
[BlackElo "1742"]
[PlyCount "47"]
[EventDate "2011.??.??"]
[WhiteTeam "Düsseldorfer SK 14/25 e."]
[BlackTeam "SF Köln-Longerich 195"]

1. c4 Nf6 2. Nc3 g6 3. d4 Bg7 4. e4 O-O 5. Be3 d6 6. f3 a6 7. Bd3 e5 8. d5 Bd7
9. Nge2 Nh5 10. g4 Nf4 11. Nxf4 exf4 12. Bxf4 Bd4 13. Qd2 Qh4+ 14. Bg3 Qf6 15.
Be2 b5 16. Rd1 Bxc3 17. Qxc3 Qxc3+ 18. bxc3 f5 19. gxf5 gxf5 20. c5 f4 21. Bf2
dxc5 22. Bxc5 Rf7 23. e5 Rf5 24. Rg1+ 1-0

[Event "?"]
[Site "?"]
[Date "2011.08.14"]
[Round "4.14"]
[White "Hiendl, Robert"]
[Black "Dickmann, Thomas"]
[Result "0-1"]
[WhiteElo "1568"]
[BlackElo "1906"]
[PlyCount "40"]
[EventDate "2011.??.??"]
[WhiteTeam "SF Lohmar 1974 e.V."]
[BlackTeam "SV Wesel 1928 e.V."]

1. e4 c5 2. Nf3 g6 3. d4 cxd4 4. Nxd4 Nc6 5. Nc3 Bg7 6. Be3 Nf6 7. Bc4 O-O 8.
Qd2 Nxe4 9. Bxf7+ Rxf7 10. Nxe4 d5 11. Nxc6 bxc6 12. c4 Rb8 13. Nc3 Qa5 14.
cxd5 Rxb2 15. Qxb2 Bxc3+ 16. Qxc3 Qxc3+ 17. Ke2 Ba6+ 18. Kd1 Qxa1+ 19. Kc2 Qxh1
20. Bxa7 cxd5 0-1

[Event "?"]
[Site "?"]
[Date "2011.08.14"]
[Round "4.15"]
[White "Weißhuhn, Gunnar"]
[Black "Dijkhuis, Sven"]
[Result "0-1"]
[WhiteElo "1886"]
[BlackElo "1669"]
[PlyCount "36"]
[EventDate "2011.??.??"]
[WhiteTeam "SK Turm Euskirchen 65"]
[BlackTeam "MoiraDomtoren"]

1. b4 e5 2. Bb2 Bxb4 3. Bxe5 Nf6 4. Nf3 Nc6 5. Bb2 d5 6. e3 Bf5 7. Be2 Qe7 8.
O-O Rg8 9. a3 Bd6 10. c4 g5 11. Nc3 dxc4 12. Bxc4 O-O-O 13. Qa4 Be4 14. Nxe4
Nxe4 15. Bb5 g4 16. Bxc6 gxf3 17. Qxe4 $4 Rxg2+ 18. Kh1 Rxh2+ 0-1

[Event "?"]
[Site "?"]
[Date "2011.08.14"]
[Round "4.16"]
[White "Lucaßen, Mickey"]
[Black "Plitt, Stefan"]
[Result "1-0"]
[WhiteElo "1850"]
[BlackElo "1592"]
[PlyCount "61"]
[EventDate "2011.??.??"]
[WhiteTeam "SV Wesel 1928 e.V."]
[BlackTeam "SF Köln-Mülheim e.V."]

1. e4 c5 2. Nf3 d6 3. Nc3 Nf6 4. d4 cxd4 5. Nxd4 a6 6. Bg5 e6 7. f4 Qc7 8. Bxf6
gxf6 9. Be2 Nc6 10. Nxc6 bxc6 11. O-O Qb6+ 12. Kh1 Qxb2 {Das hat Ähnlichkeit
mit der vergifteten Bauernvariante, die einst Bobby Fischer populär gemancht
hat. Dabei ist das Schlagen auf b2/b7 doch von der Schachpolizei verboten
worden..} 13. Na4 Qb4 14. c4 Rb8 15. Rf3 Qa5 16. Nc3 h5 $6 17. e5 $1 fxe5 18.
Ne4 $1 {Nur so! So langsam wirds dem schwarzen Monarchen ungemütlich} Qd8 19.
fxe5 dxe5 20. Nf6+ Ke7 21. Qe1 {Damentausch kommt nicht in Frage. Stattdessen
tauchen nun Drohungen auf den schwarzen Feldern auf} h4 22. Rd1 Qc7 23. Qf2 Qb6
24. c5 Qb7 25. Nd5+ (25. Nh5 $1 {
.. wäre noch schneller gewesen, hätte uns aber den Rest vorenthalten}) 25...
Ke8 26. Bxa6 {Autsch!} Qa7 (26... Qxa6 27. Nc7+) 27. Nf6+ Ke7 28. Bxc8 Rxc8 29.
Rd7+ Qxd7 30. Nxd7 Kxd7 31. Rxf7+ {.. und Schwarz hatte genug} 1-0

[Event "?"]
[Site "?"]
[Date "2011.08.14"]
[Round "4.19"]
[White "Schröter, Heinz-Jürgen"]
[Black "Dijkhuis, Tycho"]
[Result "0-1"]
[WhiteElo "1156"]
[BlackElo "1831"]
[PlyCount "50"]
[EventDate "2011.??.??"]
[WhiteTeam "SV Horrem 1948"]
[BlackTeam "Moira Domtoren"]

1. e4 c5 2. Nf3 d6 3. Bb5+ Nd7 4. d4 cxd4 5. Nxd4 Ngf6 6. Nc3 a6 7. Bd3 g6 8.
f4 Bg7 9. O-O O-O 10. f5 Ne5 11. fxg6 hxg6 12. Be3 Nfg4 13. Qd2 Nxe3 14. Qxe3
Ng4 15. Qg3 Bxd4+ 16. Kh1 Be5 17. Qh4 Nxh2 18. Rf2 Ng4 19. Rf3 Bf6 20. Qe1 Kg7
21. Nd5 Ne5 22. Rf4 Rh8+ 23. Kg1 Nxd3 24. cxd3 Bd4+ 25. Kf1 Rh1+ 0-1

[Event "?"]
[Site "?"]
[Date "2011.08.14"]
[Round "4.24"]
[White "Mladenov, Svetlin"]
[Black "Raabe, Stefan"]
[Result "1-0"]
[WhiteElo "2406"]
[BlackElo "1712"]
[PlyCount "87"]
[EventDate "2011.??.??"]
[WhiteTeam "SV Wattenscheid 1930"]
[BlackTeam "SGrupp Rochade Disteln 199"]

1. e4 c5 2. Nf3 Nc6 3. d4 cxd4 4. Nxd4 e5 5. Nb5 a6 6. Nd6+ Bxd6 7. Qxd6 Qe7 8.
Qd2 Nf6 9. Nc3 d6 10. b3 Be6 11. Bb2 Rc8 12. Rd1 Nd4 13. Bd3 Bg4 14. Rc1 Bf3
15. O-O Qe6 16. h3 Nh5 17. Ne2 Qg6 18. Ng3 Bxg2 19. Kxg2 Nf4+ 20. Kh1 Qh6 21.
f3 Nde2 22. Qxe2 Nxe2 23. Nxe2 Qxh3+ 24. Kg1 h5 25. Kf2 g5 26. Rh1 Qd7 27. Ng3
h4 28. Nf5 Qc7 29. Ba3 Qb6+ 30. Ke2 Rc6 31. Bc4 Qc7 32. Rhd1 b5 33. Nxd6+ Rxd6
34. Bxd6 Qc8 35. Bd5 f6 36. c4 g4 37. cxb5 gxf3+ 38. Kd3 Qh3 39. Rh1 Qg2 40.
Be6 Qe2+ 41. Kc3 Qxe4 42. Rhd1 f2 43. Kb2 f1=Q 44. Rc8# 1-0

[Event "?"]
[Site "?"]
[Date "2011.08.14"]
[Round "4.27"]
[White "Stelzer, Wolfgang"]
[Black "Schröter, Ron"]
[Result "0-1"]
[WhiteElo "1771"]
[BlackElo "1479"]
[PlyCount "68"]
[EventDate "2011.??.??"]
[WhiteTeam "SC Wittlich 1947"]
[BlackTeam "SG Porz e.V."]

1. c4 c5 2. Nc3 e6 3. e4 Nc6 4. d3 Nf6 5. Bg5 Be7 6. Nf3 d6 7. a3 O-O 8. Rb1
Qa5 9. Bd2 Qc7 10. Be2 a6 11. b4 Nd4 12. Nxd4 cxd4 13. Na2 b5 14. Rc1 Qb6 15.
Bg5 e5 16. Bxf6 Bxf6 17. Bg4 Bg5 18. c5 dxc5 19. Rxc5 Bf6 20. O-O Bxg4 21. Qxg4
a5 22. Rfc1 axb4 23. Nxb4 Rxa3 24. Nd5 Qxc5 25. Nxf6+ Kh8 26. Rf1 gxf6 27. f4
exf4 28. Qxf4 Qg5 29. Qd6 Rg8 30. g3 Rxd3 31. Rxf6 Qc1+ 32. Rf1 Qe3+ 33. Kg2
Qxe4+ 34. Kh3 Qe6+ 0-1

[Event "?"]
[Site "?"]
[Date "2011.08.14"]
[Round "4.28"]
[White "Lantsman, Boris"]
[Black "Masalsky, Boris"]
[Result "1-0"]
[WhiteElo "1763"]
[BlackElo "1477"]
[PlyCount "69"]
[EventDate "2011.??.??"]
[WhiteTeam "SF Köln-Longerich 195"]
[BlackTeam "LSV Turm Lippstadt"]

1. e4 c5 2. Nf3 Nc6 3. d4 cxd4 4. Nxd4 d6 5. Nc3 g6 6. Be2 Bg7 7. Be3 Nf6 8.
O-O Bd7 9. f4 O-O 10. Nb3 b6 11. Kh1 Qc8 12. Bf3 Bg4 13. Nd4 Bxf3 14. Qxf3 Nd7
15. Nd5 Re8 16. Nxc6 Qxc6 17. c3 Nf6 18. Bd4 Nxd5 19. exd5 Qd7 20. Bxg7 Kxg7
21. h3 Rac8 22. Qd3 Kg8 23. f5 Rf8 24. f6 exf6 25. Rxf6 Qe7 26. Raf1 Rc7 27. c4
Rcc8 28. b3 Rce8 29. Qf3 Qd7 30. Qc3 Qe7 31. Qg3 Rd8 32. Qf2 Rde8 33. Qg3 Rd8
34. Qg5 Kg7 35. Rxg6+ 1-0

[Event "?"]
[Site "?"]
[Date "2011.08.14"]
[Round "4.33"]
[White "de Vivie, Achim"]
[Black "Mischke, Daniel"]
[Result "1-0"]
[WhiteElo "1768"]
[BlackElo "1471"]
[PlyCount "39"]
[EventDate "2011.??.??"]
[WhiteTeam "SF Köln-Longerich 195"]
[BlackTeam "Sportgemeinschaft Kaarst 1912/35"]

1. e4 d6 2. d4 Nf6 3. Nc3 g6 4. Be2 Bg7 5. Be3 O-O 6. Qd2 c6 7. Bh6 Nbd7 8.
Bxg7 Kxg7 9. f4 e5 10. O-O-O Qc7 11. g4 b5 12. g5 Ne8 13. h4 a5 14. h5 b4 15.
Na4 Nb6 16. Nxb6 Qxb6 17. hxg6 fxg6 18. Bc4 Ba6 19. Qh2 Rh8 20. Qh6# 1-0

[Event "?"]
[Site "?"]
[Date "2011.08.14"]
[Round "5.7"]
[White "Dijkhuis, Tycho"]
[Black "Lambertz, Michael"]
[Result "1-0"]
[WhiteElo "1831"]
[BlackElo "1971"]
[PlyCount "161"]
[EventDate "2011.??.??"]
[WhiteTeam "Moira Domtoren"]
[BlackTeam "SF Esch e.V."]

1. e4 e6 2. d4 d5 3. Nc3 Bb4 4. e5 c5 5. a3 cxd4 6. axb4 dxc3 7. bxc3 Qc7 8.
Nf3 Qxc3+ 9. Bd2 Qc7 10. Bd3 Nc6 11. Qe2 f6 12. Bb5 Bd7 13. Bxc6 Qxc6 14. Nd4
Qb6 15. c3 f5 16. Be3 Qc7 17. Nb5 Qxe5 18. f4 Qb8 19. Bxa7 Qxf4 20. g3 Rxa7 21.
Nxa7 Qe4 22. Qxe4 fxe4 23. b5 Nf6 24. b6 Ke7 25. Ra5 Kd6 26. Kd2 e5 27. Rb1 Rf8
28. Nb5+ Kc6 29. Nc7 Ng4 30. Rbb5 e3+ 31. Ke1 d4 32. cxd4 exd4 33. Rc5+ Kd6 34.
Rd5+ Ke7 35. Rxd4 Nxh2 36. Re5+ Kf6 37. Rxe3 Bf5 38. Rf4 g6 39. Nd5+ Kg5 40.
Ne7 Ng4 41. Re2 Rf6 42. Nxf5 gxf5 43. Rb4 Rf7 44. Re6 Nf6 45. Rc4 Nd5 46. Rd6
Re7+ 47. Kd2 Nf6 48. Kd1 Ne4 49. Rd8 Re6 50. Rg8+ Kf6 51. Rb4 Nc3+ 52. Kc2 Nd5
53. Rb5 Nxb6 54. Rf8+ Kg6 55. Rfxf5 Nc4 56. Rg5+ Kf6 57. Rbf5+ Ke7 58. Kd3 Nd6
59. Rg7+ Ke8 60. Ra5 Re7 61. Rxe7+ Kxe7 62. Rh5 Ke6 63. Rxh7 Nf7 64. Rh5 Kf6
65. Rb5 Nd6 66. Rb6 Ke5 67. g4 Ne8 68. Rxb7 Kf4 69. Rb4+ Kg5 70. Ke3 Nf6 71.
Kf3 Kg6 72. Rb5 Ne8 73. Kf4 Nf6 74. Rb6 Kg7 75. Kf5 Nd5 76. Rb7+ Kg8 77. g5
Ne3+ 78. Kg6 Kf8 79. Kh7 Nd5 80. g6 Nf6+ 81. Kh8 1-0

[Event "?"]
[Site "?"]
[Date "2011.08.14"]
[Round "5.8"]
[White "Jordans, Ralph"]
[Black "Eigemann, Julian"]
[Result "0-1"]
[WhiteElo "1848"]
[BlackElo "1954"]
[PlyCount "68"]
[EventDate "2011.??.??"]
[WhiteTeam "Ford-SF Köln e.V."]
[BlackTeam "SG Porz e.V."]

1. c4 Nf6 2. Nc3 g6 3. g3 Bg7 4. Bg2 O-O 5. Nf3 d6 6. d3 c5 7. a3 Nc6 8. Rb1
Rb8 9. Bd2 a6 10. b4 cxb4 11. axb4 b5 12. Ng5 Bd7 13. cxb5 axb5 14. Nd5 Nxd5
15. Bxd5 e6 16. Bg2 d5 17. h4 h6 18. Nf3 Rc8 19. Nh2 Kh7 20. e3 Ne5 21. Bf1 d4
22. e4 f5 23. f4 fxe4 24. dxe4 (24. fxe5 Bxe5 25. dxe4 Bxg3+ 26. Ke2 d3+) 24...
Bc6 25. fxe5 (25. Bg2 Nd3+) 25... Bxe4 26. h5 Bxh1 27. Bd3 Qd5 28. Bxg6+ Kh8
29. Bf4 Bxe5 30. Ra1 Bxf4 31. gxf4 Rxf4 32. Qd2 Qe5+ 33. Kd1 (33. Qe2) 33...
Rf1+ 34. Nxf1 Bf3+ 0-1

[Event "?"]
[Site "?"]
[Date "2011.08.14"]
[Round "5.10"]
[White "Spradley, Julian"]
[Black "Lucaßen, Mickey"]
[Result "0-1"]
[WhiteElo "1918"]
[BlackElo "1850"]
[PlyCount "94"]
[EventDate "2011.??.??"]
[WhiteTeam "SV Erftstadt e.V."]
[BlackTeam "SV Wesel 1928 e.V."]

1. e4 e5 2. Nf3 Nc6 3. d4 exd4 4. Nxd4 Nf6 5. Nxc6 bxc6 6. e5 Qe7 7. Qe2 Nd5 8.
c4 Ba6 9. b3 g5 10. Bb2 Bg7 11. Nd2 Nf4 12. Qe3 Ng6 13. O-O-O Bxe5 14. Bxe5
Qxe5 15. Qxe5+ Nxe5 16. Re1 f6 17. g3 Kf7 18. Kc2 Bb7 19. Bg2 h5 20. Ne4 d6 21.
Nc3 Rab8 22. h3 h4 23. g4 Ng6 24. Ne2 c5 25. Bxb7 Rxb7 26. f4 Re8 27. fxg5 fxg5
28. Nc3 Rxe1 29. Rxe1 Nf4 30. Re3 a6 31. Ne2 Nxe2 32. Rxe2 Rb8 33. Rf2+ Kg6 34.
Rf5 a5 35. a3 Re8 36. Kd2 Re4 37. Rf8 Rf4 38. Rg8+ Kf6 39. Ke3 a4 40. bxa4 Rxc4
41. Rf8+ Ke7 42. Ra8 Rc3+ 43. Ke4 Rxh3 44. Ra7 Rxa3 45. Rxc7+ Kf6 46. Rc6 Rxa4+
47. Kd5 Rd4# 0-1

[Event "?"]
[Site "?"]
[Date "2011.08.14"]
[Round "5.12"]
[White "Tochtenhagen, Wolfgang"]
[Black "Fieberg, Christoph"]
[Result "1-0"]
[WhiteElo "2077"]
[BlackElo "1776"]
[PlyCount "41"]
[EventDate "2011.??.??"]
[WhiteTeam "DJK Aufwärts St. Josef Aachen 19"]
[BlackTeam "SG Porz e.V."]

1. e4 c5 2. Nf3 d6 3. d4 cxd4 4. Nxd4 Nf6 5. Nc3 g6 6. Be3 Bg7 7. f3 O-O 8. Bc4
Nc6 9. Qd2 a6 10. O-O-O Nxd4 11. Bxd4 b5 12. Bb3 Bb7 13. h4 h5 14. g4 b4 15.
Nd5 Bxd5 16. Bxd5 e5 17. Be3 Rb8 18. Bg5 hxg4 19. h5 Kh7 20. fxg4 Qd7 21. Bxf6
1-0

[Event "?"]
[Site "?"]
[Date "2011.08.14"]
[Round "5.14"]
[White "Meyer, Stefan"]
[Black "Schmidt, Kai-Uwe"]
[Result "0-1"]
[WhiteElo "1673"]
[BlackElo "1927"]
[PlyCount "40"]
[EventDate "2011.??.??"]
[WhiteTeam "SV Grevenbroich 1953"]
[BlackTeam "Klub Kölner SF e.V. 1"]

1. d4 g6 2. e4 d6 3. c4 Nf6 4. Nc3 Bg7 5. Bd3 Nc6 6. Nge2 Nh5 7. d5 Ne5 8. Be3
O-O 9. O-O e6 10. dxe6 Bxe6 11. b3 Ng4 12. Bd4 Qh4 13. h3 Ne5 14. f3 Bh6 15.
Bf2 Qg5 16. h4 Nxf3+ 17. Kh1 Nxh4 18. Bxh4 Qxh4+ 19. Kg1 Be3+ 20. Rf2 Qxf2+ 0-1

[Event "?"]
[Site "?"]
[Date "2011.08.14"]
[Round "5.18"]
[White "Schröter, Ron"]
[Black "Viganske, Christian"]
[Result "0-1"]
[WhiteElo "1479"]
[BlackElo "1893"]
[PlyCount "60"]
[EventDate "2011.??.??"]
[WhiteTeam "SG Porz e.V."]
[BlackTeam "SK Turm Euskirchen 65"]

1. e4 c5 2. Nf3 d6 3. d4 cxd4 4. Nxd4 Nf6 5. Nc3 g6 6. Bb5+ Bd7 7. Bxd7+ Nbxd7
8. O-O Bg7 9. Be3 O-O 10. f4 Rc8 11. h3 Rxc3 12. bxc3 Nxe4 13. Qe1 Qa5 14. c4
Qa4 15. Bf2 Nxf2 16. Qxf2 Qxc4 17. Rfd1 Rc8 18. f5 Bxd4 19. Rxd4 Qxc2 20. fxg6
Qxf2+ 21. Kxf2 hxg6 22. Re1 Ne5 23. Rb1 Rc2+ 24. Kg3 Rc3+ 25. Kf4 Nd3+ 26. Kg5
Nc5 27. Rg4 Kg7 28. Rb2 Ne6+ 29. Kh4 f5 30. Ra4 Kh6 0-1